The steps up the chimney : Being the first book of the magician's house

Bibliographic Details
Main Author: Corlett, William
Format: Book
Published: London : The Bodley Head , 1990
Subjects:

MARC

LEADER 00000cam a2200000 7i4500
001 0000000970
002 000001078
005 20000330.0
020 |a 0370314557 
090 0 0 |a JF   |b COR 
100 1 |a Corlett, William 
245 1 4 |a The steps up the chimney :   |b Being the first book of the magician's house   |c William Corlett 
260 |a London :   |b The Bodley Head ,   |c 1990 
300 |a 233 p. ;   |c 20 cm. 
650 0 0 |a Children's stories 
999 |a 00059866   |b BUKU   |c PINJAMAN   |e PERPUSTAKAAN KOMUNITI PETALING JAYA 
999 |a 031141   |b BUKU   |c PINJAMAN   |e PERPUSTAKAAN KOMUNITI PETALING JAYA 
999 |a 031142   |b BUKU   |c PINJAMAN   |e PERPUSTAKAAN KOMUNITI PETALING JAYA 
999 |a 062968   |b BUKU   |c PINJAMAN   |e PERPUSTAKAAN KOMUNITI PETALING JAYA 
999 |a 081885   |b BUKU   |c PINJAMAN   |e PERPUSTAKAAN KOMUNITI PETALING JAYA